000 00363 a2200133 4500
005 20250515154811.0
020 _a0 434 90675 1
082 _a658.403 GOO
100 _aGOODWIN, P.
245 _aQuantitative Methods Revision Guide.
260 _aLondon,
_bHeinemann professional,
_c1988.
300 _avii, 175p.: ill.; figure, table
_bIndex
_c24cm
942 _2ddc
_cBKS
999 _c2333
_d2333